[Event "Titled Tuesday intern op 02nd Apr Late"]
[Site "Chess.com INT"]
[Date "2024.04.02"]
[Round "11"]
[White "Voiteanu, Christian Gabriel"]
[Black "Gonzalez Zharikov, Andrey"]
[Result "0-1"]
[WhiteElo "2117"]
[BlackElo "2037"]
[PlyCount "86"]
[EventDate "2024.04.02"]
[EventType "swiss (blitz)"]
[EventRounds "11"]
[EventCountry "USA"]
[SourceTitle "CB15_2024"]
[SourceDate "2024.04.10"]
[SourceVersion "1"]
[SourceVersionDate "2024.04.10"]
[SourceQuality "1"]

1. d4 Nf6 2. c4 g6 3. Nc3 d5 4. cxd5 Nxd5 5. e4 Nxc3 6. bxc3 Bg7 7. Bc4 0-0 8. Ne2 c5 9. 0-0 Nc6 10. Be3 cxd4 11. cxd4 a6 12. h3 b5 13. Bd5 Bb7 14. Rc1 Rc8 15. Bxc6 Bxc6 16. d5 Bb7 17. Rxc8 Qxc8 18. Qb3 e6 19. Rc1 Qd7 20. Bf4 Rc8 21. Rxc8+ Qxc8 22. dxe6 Qxe6 23. Qxe6 fxe6 24. f3 a5 25. Kf2 b4 26. e5 Bd5 27. Nc1 a4 28. Ke2 Bc4+ 29. Kd2 g5 30. Bh2 Kf7 31. Ke3 Kg6 32. Kd4 Bd5 33. Kc5 b3 34. axb3 axb3 35. Nd3 h5 36. Kb4 Bf8+ 37. Kc3 Ba3 38. Bg1 Kf5 39. Be3 g4 40. fxg4+ hxg4 41. hxg4+ Kxg4 42. Nc5 b2 43. Kc2 Ba2 0-1

[Event "ROM-ch"]
[Site "Eforie Nord"]
[Date "2024.02.29"]
[Round "7"]
[White "Voiteanu, Christian Gabriel"]
[Black "Dodoi, Matei Teodor"]
[Result "1-0"]
[WhiteElo "2151"]
[BlackElo "1947"]
[PlyCount "77"]
[EventDate "2024.02.24"]
[EventType "swiss"]
[EventRounds "9"]
[EventCountry "ROU"]
[SourceTitle "CB10_2024"]
[SourceDate "2024.03.06"]
[SourceVersion "1"]
[SourceVersionDate "2024.03.06"]
[SourceQuality "1"]

1. d4 Nf6 2. c4 g6 3. Nc3 d5 4. Nf3 Bg7 5. e3 0-0 6. Qb3 e6 7. Bd2 b6 8. cxd5 exd5 9. Be2 c5 10. dxc5 bxc5 11. Na4 Ne4 12. Rc1 d4 13. Nxc5 Nxd2 14. Nxd2 dxe3 15. fxe3 Nd7 16. Qd5 Rb8 17. b3 Qa5 18. 0-0 Nxc5 19. Rxc5 Qxa2 20. Rxf7 Rxf7 21. Bc4 Qa1+ 22. Nf1 Bb7 23. Qxf7+ Kh8 24. Qc7 Rf8 25. Qxb7 Bd4 26. Rc8 Bxe3+ 27. Kh1 Bc5 28. Rxf8+ Bxf8 29. Qf7 Qg7 30. Qd5 Be7 31. g3 Qf8 32. Kg2 Kg7 33. Nd2 Qf5 34. Qxf5 gxf5 35. Kf3 Kf6 36. Nf1 Bd6 37. Ne3 Kg5 38. Bd3 f4 39. gxf4+ 1-0

[Event "World Amateur-ch U2300"]
[Site "Muscat"]
[Date "2023.11.07"]
[Round "6"]
[White "Voiteanu, Christian Gabriel"]
[Black "Bigabylov, Zhuban"]
[Result "1-0"]
[WhiteElo "2198"]
[BlackElo "1929"]
[PlyCount "115"]
[EventDate "2023.11.02"]
[EventType "swiss"]
[EventRounds "9"]
[EventCountry "OMN"]
[SourceTitle "CB46_2023"]
[SourceDate "2023.11.15"]
[SourceVersion "1"]
[SourceVersionDate "2023.11.15"]
[SourceQuality "1"]

1. d4 Nf6 2. c4 g6 3. Nc3 Bg7 4. e4 d6 5. Be2 0-0 6. Be3 c5 7. e5 Ne8 8. dxc5 Bxe5 9. Nf3 Bg7 10. h4 Nc6 11. h5 Bf5 12. hxg6 Bxg6 13. Nh4 dxc5 14. Nxg6 hxg6 15. Bxc5 Qa5 16. Be3 Rd8 17. Qc1 Nd4 18. Kf1 Nf6 19. Bh6 Nf5 20. Bf4 Rfe8 21. Bf3 Qb4 22. Kg1 Nd4 23. Bh6 Bh8 24. Bd1 Rc8 25. Qd2 Red8 26. Qe3 Nf5 27. Qe2 Qxc4 28. Qxc4 Rxc4 29. Bb3 Rb4 30. Bg5 Rg4 31. Bc1 a5 32. g3 Rb4 33. Kg2 b5 34. Bd1 Rbd4 35. Bf3 b4 36. Na4 Rc4 37. Bg5 Nd4 38. Rae1 Ne6 39. Be3 Rc2 40. Bd1 Rcc8 41. Bb3 Rc6 42. Bb6 Ra8 43. Rc1 Rxc1 44. Rxc1 Nd7 45. Be3 Be5 46. f4 Bd6 47. Kf3 Kg7 48. Rc6 Nd8 49. Rc1 Ne6 50. Bd5 Rh8 51. Kg2 Rh5 52. Bf3 Rh8 53. Rc6 Rb8 54. Bd5 Nc7 55. Bb3 Kf8 56. Nb6 Nxb6 57. Bxb6 Nb5 58. Bc4 1-0

[Event "Calvia Amateur op 20th"]
[Site "Calvia"]
[Date "2023.10.13"]
[Round "7"]
[White "Westendorf Vidal, Carles"]
[Black "Voiteanu, Christian Gabriel"]
[Result "0-1"]
[WhiteElo "1899"]
[BlackElo "2235"]
[PlyCount "93"]
[EventDate "2023.10.07"]
[EventType "swiss"]
[EventRounds "9"]
[EventCountry "ESP"]
[SourceTitle "Mega2024 Update 01"]
[Source "Chessbase"]
[SourceDate "2023.11.12"]
[SourceVersion "1"]
[SourceVersionDate "2023.11.12"]
[SourceQuality "1"]

1. e4 e5 2. Nf3 Nc6 3. Bc4 Nf6 4. d3 Bc5 5. c3 d6 6. b4 Bb6 7. a4 a5 8. b5 Ne7 9. Nbd2 Ng6 10. Nf1 0-0 11. Ne3 Nf4 12. 0-0 Ng4 13. Nd5 Nxd5 14. Bxd5 Kh8 15. d4 f5 16. exf5 exd4 17. cxd4 Rxf5 18. Be4 Rf8 19. Qd3 Qe8 20. Re1 Qh5 21. h3 Nf6 22. Ba3 Nxe4 23. Qxe4 Bxh3 24. gxh3 Rxf3 25. Re3 Raf8 26. Rxf3 Qxf3 27. Qe3 h6 28. Bb2 Qxe3 29. fxe3 Rf3 30. Re1 Rxh3 31. Kg2 Rh4 32. e4 d5 33. e5 Kg8 34. Kg3 g5 35. e6 Re4 36. Rxe4 dxe4 37. d5 e3 38. Kf3 g4+ 39. Ke2 g3 40. Kf3 Bc5 41. Kxg3 e2 42. Bc3 Bb4 43. Bxb4 axb4 44. Kf2 b3 45. b6 cxb6 46. d6 Kf8 47. Kf3 0-1

[Event "Calvia Amateur op 20th"]
[Site "Calvia"]
[Date "2023.10.09"]
[Round "3"]
[White "Sahelices Casado, Roberto"]
[Black "Voiteanu, Christian Gabriel"]
[Result "0-1"]
[WhiteElo "2084"]
[BlackElo "2235"]
[PlyCount "75"]
[EventDate "2023.10.07"]
[EventType "swiss"]
[EventRounds "9"]
[EventCountry "ESP"]
[SourceTitle "Mega2024 Update 01"]
[Source "Chessbase"]
[SourceDate "2023.11.12"]
[SourceVersion "1"]
[SourceVersionDate "2023.11.12"]
[SourceQuality "1"]

1. d4 d5 2. c4 c6 3. Nf3 Nf6 4. e3 Bf5 5. Nc3 e6 6. Nh4 Be4 7. f3 Bg6 8. Qb3 Qb6 9. Nxg6 hxg6 10. g3 Nbd7 11. Bd2 Bd6 12. Kf2 Qc7 13. Kg2 Bxg3 14. hxg3 Rxh1 15. Kxh1 Qxg3 16. Bg2 Qf2 17. Be1 Qxe3 18. Qxb7 Rb8 19. Qxc6 Ke7 20. Bg3 Rh8+ 21. Bh2 Qf4 22. Kg1 Qxd4+ 23. Kh1 Qe5 24. Kg1 Qxh2+ 25. Kf1 Rh5 26. Re1 Rg5 27. Re2 Nh5 28. Nxd5+ Rxd5 29. cxd5 Ng3+ 30. Kf2 Nxe2 31. d6+ Kf6 32. Qxd7 Nf4 33. Qd8+ Kf5 34. Qa5+ e5 35. Qb5 Qxg2+ 36. Ke3 Qg1+ 37. Kd2 Qd4+ 38. Ke1 0-1

[Event "Calvia Amateur op 20th"]
[Site "Calvia"]
[Date "2023.10.08"]
[Round "2"]
[White "Voiteanu, Christian Gabriel"]
[Black "Torres Tur, Juan"]
[Result "1-0"]
[WhiteElo "2235"]
[BlackElo "1913"]
[PlyCount "41"]
[EventDate "2023.10.07"]
[EventType "swiss"]
[EventRounds "9"]
[EventCountry "ESP"]
[SourceTitle "Mega2024 Update 01"]
[Source "Chessbase"]
[SourceDate "2023.11.12"]
[SourceVersion "1"]
[SourceVersionDate "2023.11.12"]
[SourceQuality "1"]

1. d4 f5 2. c4 e6 3. Qc2 Nf6 4. Nf3 Bb4+ 5. Bd2 Bxd2+ 6. Nbxd2 0-0 7. e4 fxe4 8. Nxe4 Nc6 9. a3 b6 10. Bd3 h6 11. 0-0-0 Bb7 12. h4 Nxe4 13. Bxe4 d5 14. Bh7+ Kh8 15. Rhe1 Qf6 16. Kb1 Rae8 17. Re3 e5 18. Bg6 Re7 19. cxd5 Nxd4 20. Nxd4 exd4 21. Rf3 1-0

[Event "Titled Tuesday intern op 05th Sep Early"]
[Site "Chess.com INT"]
[Date "2023.09.05"]
[Round "10"]
[White "Ahmad, Khagan"]
[Black "Voiteanu, Christian Gabriel"]
[Result "1-0"]
[WhiteElo "2306"]
[BlackElo "2235"]
[PlyCount "67"]
[EventDate "2023.09.05"]
[EventType "swiss (blitz)"]
[EventRounds "11"]
[EventCountry "USA"]
[SourceTitle "EXT 2024"]
[Source "ChessBase"]
[SourceDate "2023.10.10"]
[SourceVersion "1"]
[SourceVersionDate "2023.10.10"]
[SourceQuality "1"]

1. d4 Nf6 2. Nf3 d5 3. c4 c6 4. Nc3 dxc4 5. a4 Bf5 6. e3 e6 7. Bxc4 Bb4 8. 0-0 0-0 9. Bd3 Nbd7 10. e4 Bg4 11. h3 Bh5 12. e5 Nd5 13. Nxd5 cxd5 14. b3 Bc3 15. Ra2 Bxf3 16. Qxf3 Bxd4 17. Bxh7+ Kxh7 18. Qd3+ f5 19. Qxd4 Qc7 20. Ba3 Rh8 21. Bd6 Qb6 22. Qh4+ Kg8 23. Qe7 Qd8 24. Qxe6+ Kh7 25. Qxf5+ Kg8 26. Qe6+ Kh7 27. Qxd5 Nb6 28. Qxb7 Qg5 29. Qe4+ Kg8 30. a5 Rxh3 31. axb6 Re8 32. bxa7 Qh5 33. gxh3 Qg5+ 34. Kh1 1-0

[Event "Satu Mare Szabo Memorial IM"]
[Site "Satu Mare"]
[Date "2023.08.19"]
[Round "8"]
[White "Voiteanu, Christian Gabriel"]
[Black "Voege, Tobias"]
[Result "1/2-1/2"]
[WhiteElo "2197"]
[BlackElo "2257"]
[PlyCount "238"]
[EventDate "2023.08.14"]
[EventType "tourn"]
[EventRounds "9"]
[EventCountry "ROU"]
[SourceTitle "CBM 215 Extra"]
[Source "ChessBase"]
[SourceDate "2023.09.30"]
[SourceVersion "1"]
[SourceVersionDate "2023.09.30"]
[SourceQuality "1"]

1. d4 e6 2. c4 b6 3. Nf3 Bb7 4. g3 Bb4+ 5. Bd2 Bxf3 6. exf3 Bxd2+ 7. Nxd2 d5 8. f4 Ne7 9. Bg2 Nbc6 10. Qa4 Qd7 11. Nf3 Ne5 12. Qxd7+ Nxd7 13. Ne5 Nxe5 14. fxe5 0-0-0 15. cxd5 Nxd5 16. Ke2 Nb4 17. Rad1 Nc2 18. d5 exd5 19. Bxd5 Rhe8 20. f4 f6 21. Bc6 Rh8 22. Rxd8+ Rxd8 23. Be4 Nd4+ 24. Ke3 fxe5 25. fxe5 g6 26. Rf1 c5 27. h4 Rd7 28. Rf8+ Kc7 29. Re8 a5 30. Rh8 Nc6 31. e6 Re7 32. Kf4 Nd4 33. Bd5 Kd6 34. Bb3 a4 35. Bxa4 b5 36. Bd1 Nxe6+ 37. Kg4 Ke5 38. h5 Rd7 39. Be2 Rd4+ 40. Kf3 gxh5 41. Bxb5 Rb4 42. a4 Rxb2 43. Re8 Kd6 44. Ke4 Rb4+ 45. Ke3 Rb3+ 46. Kf2 Ra3 47. Rh8 Ng5 48. Rg8 Ne4+ 49. Kg2 Ke5 50. Kh3 h6 51. Kh4 Nf6 52. Rg6 c4 53. Rxh6 c3 54. Rh8 Ra1 55. Rc8 Rh1+ 56. Kg5 Ne4+ 57. Kg6 Rh3 58. Rc7 Rxg3+ 59. Kxh5 Kd4 60. Rc4+ Kd5 61. Kh4 Rg1 62. Rc7 Nc5 63. Bd3 Kd4 64. Bf5 Ra1 65. Kg5 Rg1+ 66. Kh4 Rf1 67. Bc2 Rf2 68. Bb1 Rb2 69. Bf5 Ra2 70. Kg3 Rxa4 71. Kf3 Ra2 72. Rc8 Rh2 73. Bg6 Rh6 74. Bc2 Re6 75. Rd8+ Kc4 76. Rc8 Re7 77. Bg6 Kb4 78. Rb8+ Ka3 79. Ra8+ Kb2 80. Rb8+ Nb3 81. Bd3 Rc7 82. Be4 Ka3 83. Kf2 Nc5 84. Bc2 Re7 85. Ra8+ Kb2 86. Bg6 Rg7 87. Rb8+ Kc1 88. Rb6 Re7 89. Rc6 Re5 90. Kf3 Na4 91. Rc4 Re6 92. Be4 Ra6 93. Bc6 Nb2 94. Rxc3+ Kd2 95. Rc5 Nd3 96. Rd5 Rxc6 97. Ke4 Re6+ 98. Kf5 Re8 99. Rd6 Re5+ 100. Kf6 Ra5 101. Kg7 Ke3 102. Re6+ Kf4 103. Rf6+ Ke4 104. Rf1 Nf4 105. Re1+ Kf5 106. Rf1 Ra7+ 107. Kf8 Ke5 108. Ke8 Ke6 109. Re1+ Kd6 110. Rd1+ Nd5 111. Kf8 Rb7 112. Rd2 Ke6 113. Re2+ Kf5 114. Rf2+ Nf4 115. Rf1 Ke5 116. Kg8 Nh5 117. Kf8 Nf6 118. Re1+ Kd6 119. Re6+ Kxe6 1/2-1/2

[Event "Arad op 16th"]
[Site "Arad"]
[Date "2023.08.11"]
[Round "7"]
[White "Voiteanu, Christian Gabriel"]
[Black "Roubalik, Jakub"]
[Result "0-1"]
[WhiteElo "2197"]
[BlackElo "2387"]
[PlyCount "71"]
[EventDate "2023.08.07"]
[EventType "swiss"]
[EventRounds "9"]
[EventCountry "ROU"]
[SourceTitle "EXT 2024"]
[Source "ChessBase"]
[SourceDate "2023.10.10"]
[SourceVersion "1"]
[SourceVersionDate "2023.10.10"]
[SourceQuality "1"]

1. d4 Nf6 2. c4 e6 3. Nf3 d5 4. g3 Be7 5. Bg2 0-0 6. 0-0 c6 7. Qc2 b6 8. Rd1 Bb7 9. b3 Na6 10. Nc3 Rc8 11. e4 h6 12. e5 Nd7 13. Qe2 Nc7 14. h4 Ba6 15. Nh2 f5 16. exf6 Bxf6 17. Bf4 Kh8 18. Bxc7 Qxc7 19. Qxe6 Rce8 20. Qg4 dxc4 21. Be4 c5 22. Qg6 Rxe4 23. Nxe4 Bxd4 24. Rac1 Ne5 25. Qe6 Nd3 26. Rc2 c3 27. Ng4 Bc8 28. Qd6 Qxd6 29. Nxd6 Nb4 30. Nxc8 Nxc2 31. Ne7 Re8 32. Nf5 Re1+ 33. Rxe1 Nxe1 34. Nge3 Bxe3 35. Nxe3 c2 36. Ng4 0-1

[Event "Brasov GP RO"]
[Site "Brasov"]
[Date "2023.07.22"]
[Round "9"]
[White "Filip, Andrei"]
[Black "Voiteanu, Christian Gabriel"]
[Result "1/2-1/2"]
[WhiteElo "2310"]
[BlackElo "2169"]
[PlyCount "97"]
[EventDate "2023.07.16"]
[EventType "swiss"]
[EventRounds "9"]
[EventCountry "ROU"]
[SourceTitle "CBM 215 Extra"]
[Source "ChessBase"]
[SourceDate "2023.09.30"]
[SourceVersion "1"]
[SourceVersionDate "2023.09.30"]
[SourceQuality "1"]

1. e4 e5 2. Nf3 Nf6 3. d4 Nxe4 4. Bd3 Nc6 5. Nxe5 Nxe5 6. dxe5 Nc5 7. Bc4 d6 8. Qf3 Ne6 9. exd6 Bxd6 10. Be3 0-0 11. Nd2 Bd7 12. 0-0-0 Bc6 13. Qg4 Bd7 14. Ne4 Nc5 15. Qf3 Nxe4 16. Qxe4 Qf6 17. Bd3 g6 18. Qd4 Qxd4 19. Bxd4 Bc6 20. f3 Rfe8 21. Bc4 b5 22. Bd3 a5 23. Bf2 a4 24. Bg3 Bxg3 25. hxg3 a3 26. b3 h5 27. Rh4 Re5 28. g4 hxg4 29. Rxg4 Kg7 30. f4 Rh5 31. f5 g5 32. Kd2 b4 33. f6+ Kxf6 34. Rf1+ Ke7 35. Rc4 Bd5 36. Rxb4 Bxg2 37. Re1+ Kf8 38. Rb5 f6 39. Rf5 Rh6 40. Re6 Kf7 41. Bc4 Rd8+ 42. Kc3 Kg7 43. Re7+ Kg6 44. Rf2 Bh3 45. Bf7+ Kg7 46. Be6+ Kg6 47. Bf7+ Kg7 48. Be6+ Kg6 49. Bf7+ 1/2-1/2

[Event "Brasov GP RO"]
[Site "Brasov"]
[Date "2023.07.19"]
[Round "5"]
[White "Kevlishvili, Robby"]
[Black "Voiteanu, Christian Gabriel"]
[Result "1-0"]
[WhiteElo "2529"]
[BlackElo "2169"]
[PlyCount "107"]
[EventDate "2023.07.16"]
[EventType "swiss"]
[EventRounds "9"]
[EventCountry "ROU"]
[SourceTitle "CBM 215 Extra"]
[Source "ChessBase"]
[SourceDate "2023.09.30"]
[SourceVersion "1"]
[SourceVersionDate "2023.09.30"]
[SourceQuality "1"]

1. Nf3 d5 2. g3 g6 3. Bg2 Bg7 4. d4 Nf6 5. 0-0 0-0 6. c4 Nc6 7. cxd5 Nxd5 8. e4 Nb6 9. d5 Na5 10. Nc3 c6 11. Bf4 cxd5 12. exd5 Nac4 13. Qe2 Nxb2 14. Ne5 N2c4 15. Nxc4 Bxc3 16. Rad1 Bf6 17. Ne5 Bd7 18. Ng4 Bxg4 19. Qxg4 Nc8 20. Bh6 Re8 21. d6 exd6 22. Bxb7 Rb8 23. Bc6 Re7 24. Qf3 Bg7 25. Bg5 f6 26. Bxf6 Bxf6 27. Qxf6 Nb6 28. Rxd6 Qf8 29. Qd4 Qg7 30. Rd1 Rf8 31. Bb5 Qxd4 32. R1xd4 Re1+ 33. Kg2 Ra1 34. Rd2 Rc1 35. Re2 Kg7 36. Bd3 Rf6 37. Rxf6 Kxf6 38. Bc2 Nc4 39. Bb3 g5 40. Re4 Ne5 41. Ra4 Rc7 42. Ra6+ Kg7 43. Re6 Nd3 44. Re3 Nc1 45. Be6 Rc2 46. Ra3 Kf6 47. Bg8 g4 48. Kf1 Ke5 49. Rxa7 h5 50. Ra5+ Kd4 51. Rd5+ Ke4 52. Bh7+ Kxd5 53. Bxc2 Nxa2 54. Bb3+ 1-0

[Event "Colonia de Sant Jordi op 2nd"]
[Site "Colonia de Sant Jordi"]
[Date "2023.06.15"]
[Round "6"]
[White "Gastanares Lopez, Javier"]
[Black "Voiteanu, Christian Gabriel"]
[Result "0-1"]
[WhiteElo "2005"]
[BlackElo "2149"]
[PlyCount "100"]
[EventDate "2023.06.10"]
[EventType "swiss"]
[EventRounds "9"]
[EventCountry "ESP"]
[SourceTitle "CBM 214 Extra"]
[Source "ChessBase"]
[SourceDate "2023.07.31"]
[SourceVersion "1"]
[SourceVersionDate "2023.07.31"]
[SourceQuality "1"]

1. d4 d5 2. c4 c6 3. Nc3 Nf6 4. cxd5 cxd5 5. Bf4 Bf5 6. Qb3 Qb6 7. Nb5 Na6 8. e3 e6 9. Qa4 Bb4+ 10. Nc3+ Ke7 11. Bxa6 Bxc3+ 12. bxc3 bxa6 13. Nf3 Rhc8 14. Qa3+ Ke8 15. 0-0 Ne4 16. Rab1 Rxc3 17. Rxb6 Rxa3 18. Rb7 Rxa2 19. Bb8 Ra5 20. Bxa7 Nd6 21. Rb8+ Rxb8 22. Bxb8 Nc4 23. Ne5 Ra2 24. Rc1 Rb2 25. Ba7 a5 26. h3 a4 27. Bc5 Nxe5 28. dxe5 Kd7 29. Ba3 Rb8 30. Bd6 Rb7 31. Rc3 f6 32. f4 Be4 33. g4 g5 34. Kf2 gxf4 35. exf4 fxe5 36. Bxe5 Ra7 37. Ra3 Kc6 38. Ke3 Kc5 39. Bd4+ Kb4 40. Bxa7 Kxa3 41. Kd4 Bg2 42. Ke5 Bxh3 43. Kxe6 Bxg4+ 44. Kxd5 Kb3 45. Ke5 h5 46. f5 Be2 47. Kf6 h4 48. Kg5 h3 49. Bb8 a3 50. Kh4 a2 0-1